Comparison of aquilaria crassna growth by applying and not applying polymer in phom sralaov village chroy svay commune sre ambel district kohkong province, ការប្រៀបធៀបអំពីការដាំដើមចន្ទន៍ក្រស្នាដោយប្រើប្រាស់ និងមិនប្រើប្រាស់ប៉ូលីម៊ែរនៅភូមិភ្នំស្រឡៅឃុំជ្រោយស្វាយ ស្រុកស្រែអំបិល ខេត្តកោះកុង (Record no. 3371)
[ view plain ]
| 000 -LEADER | |
|---|---|
| fixed length control field | 00911nam a22001577a 4500 |
| 003 - CONTROL NUMBER IDENTIFIER | |
| control field | OSt |
| 005 - DATE AND TIME OF LATEST TRANSACTION | |
| control field | 20151112153440.0 |
| 008 - FIXED-LENGTH DATA ELEMENTS--GENERAL INFORMATION | |
| fixed length control field | 151112b xxu||||| |||| 00| 0 eng d |
| 040 ## - CATALOGING SOURCE | |
| Transcribing agency | RUA |
| 082 ## - DEWEY DECIMAL CLASSIFICATION NUMBER | |
| Classification number | FOR CHA 2008 B135 Or.1 |
| 100 ## - MAIN ENTRY--PERSONAL NAME | |
| 9 (RLIN) | 3620 |
| Personal name | CHANTHA, YUTHEA. |
| 245 ## - TITLE STATEMENT | |
| Title | Comparison of aquilaria crassna growth by applying and not applying polymer in phom sralaov village chroy svay commune sre ambel district kohkong province, ការប្រៀបធៀបអំពីការដាំដើមចន្ទន៍ក្រស្នាដោយប្រើប្រាស់ និងមិនប្រើប្រាស់ប៉ូលីម៊ែរនៅភូមិភ្នំស្រឡៅឃុំជ្រោយស្វាយ ស្រុកស្រែអំបិល ខេត្តកោះកុង |
| 260 ## - PUBLICATION, DISTRIBUTION, ETC. (IMPRINT) | |
| Place of publication, distribution, etc. | Phnom Penh |
| Name of publisher, distributor, etc. | RUA |
| Date of publication, distribution, etc. | 2008 |
| 300 ## - PHYSICAL DESCRIPTION | |
| Extent | xii; 50p. |
| Other physical details | ill. |
| Dimensions | 29cm. |
| 942 ## - ADDED ENTRY ELEMENTS (KOHA) | |
| Source of classification or shelving scheme | |
| Koha item type | FOR |
| Price effective from | Date last seen | Permanent Location | Not for loan | Date acquired | Source of classification or shelving scheme | Koha item type | Barcode | Lost status | Damaged status | Shelving location | Withdrawn status | Current Location | Full call number |
|---|---|---|---|---|---|---|---|---|---|---|---|---|---|
| 2015-11-12 | 2015-11-12 | Library Block B | 2015-11-12 | FOR | RUA027272 | B135 | Library Block B | FOR CHA 2008 B135 Or.1 | |||||
| 2015-11-12 | 2015-11-12 | Library Block B | 2015-11-12 | FOR | RUA027282 | B135 | Library Block B | FOR CHA 2008 B135 Or.2 | |||||
| 2015-11-12 | 2015-11-12 | Library Block B | 2015-11-12 | FOR | RUA027138 | B135 | Library Block B | FOR CHA 2008 B135 Or.3 | |||||
| 2015-11-12 | 2015-11-12 | Library Block B | 2015-11-12 | FOR | RUA027135 | B135 | Library Block B | FOR CHA 2008 B135 Or.4 | |||||
| 2015-11-13 | 2015-11-13 | Library Block B | 2015-11-13 | FOR | RUA028280 | B135 | Library Block B | FOR CHA 2008 B135 Or.5 | |||||
| 2015-11-13 | 2015-11-13 | Library Block B | 2015-11-13 | FOR | RUA028409 | B135 | Library Block B | FOR CHA 2008 B135 Or.6 | |||||
| 2015-11-13 | 2015-11-13 | Library Block B | 2015-11-13 | FOR | RUA028480 | B135 | Library Block B | FOR CHA 2008 B135 Or.7 | |||||
| 2015-11-13 | 2015-11-13 | Library Block B | 2015-11-13 | FOR | RUA028054 | B135 | Library Block B | FOR CHA 2008 B135 Or.8 | |||||
| 2015-11-13 | 2015-11-13 | Library Block B | 2015-11-13 | FOR | RUA028126 | B135 | Library Block B | FOR CHA 2008 B135 Or.9 |